000 00591nam a2200181Ia 4500
008 090124s9999 xx 000 0 und d
082 _b30757
100 _a"चव्हाण, बियन"
245 _a त्याचा दुसरा जन्म
250 _a1
260 _bसरस प्रकाशन
_c1991
300 _a136
600 _a"चव्हाण, बियन"
630 _a त्याचा दुसरा जन्म
700 _a"चव्हाण, बियन"
730 _a त्याचा दुसरा जन्म
942 _cBOOK
999 _c96328
_d96328